Loading...
| History - European | 0 | 3 | 0 | 2 | 30 | 98 | 113.00 | 0 | 0 | 0.00 | 0.00 |
| Science - Other | 0 | 3 | 0 | 2 | 30 | 49 | 100.00 | 1 | 2 | 0.00 | 0.00 |
| Mythology | 0 | 3 | 0 | 1 | 30 | 95 | 112.33 | 0 | 2 | 0.00 | 0.00 |
| History - Other | 0 | 3 | 1 | 1 | 25 | 99 | 110.33 | 0 | 2 | 0.00 | 0.00 |
| History - World | 0 | 2 | 0 | 1 | 20 | 121 | 122.50 | 0 | 0 | 0.00 | 0.00 |
| History - American | 0 | 2 | 0 | 2 | 20 | 131 | 132.50 | 0 | 2 | 0.00 | 0.00 |
| Science - Physics | 0 | 2 | 0 | 0 | 20 | 86 | 107.50 | 1 | 2 | 0.00 | 0.00 |
| Religion | 0 | 2 | 0 | 2 | 20 | 130 | 130.00 | 0 | 1 | 0.00 | 0.00 |
| Literature - World | 0 | 2 | 0 | 1 | 20 | 134 | 143.50 | 1 | 2 | 0.00 | 0.00 |
| Social Science | 0 | 2 | 1 | 0 | 15 | 103 | 108.50 | 0 | 2 | 0.00 | 0.00 |
| Literature - European | 0 | 2 | 1 | 0 | 15 | 125 | 126.50 | 0 | 1 | 0.00 | 0.00 |
| Fine Arts - Classical Music | 0 | 2 | 2 | 0 | 10 | 90 | 97.50 | 0 | 1 | 0.00 | 0.00 |
| Literature - American | 0 | 1 | 0 | 0 | 10 | 107 | 107.00 | 0 | 0 | 0.00 | 0.00 |
| Other Academic | 0 | 1 | 0 | 0 | 10 | 122 | 122.00 | 0 | 1 | 0.00 | 0.00 |
| Philosophy | 0 | 1 | 0 | 0 | 10 | 131 | 131.00 | 0 | 0 | 0.00 | 0.00 |
| Pop Culture | 0 | 1 | 0 | 0 | 10 | 72 | 72.00 | 0 | 1 | 0.00 | 0.00 |
| Geography | 0 | 1 | 0 | 0 | 10 | 131 | 131.00 | 0 | 0 | 0.00 | 0.00 |
| Fine Arts - Painting and Sculpture | 0 | 1 | 0 | 0 | 10 | 113 | 113.00 | 0 | 1 | 0.00 | 0.00 |
| Fine Arts - Other | 0 | 1 | 0 | 0 | 10 | 100 | 100.00 | 0 | 1 | 0.00 | 0.00 |
| Literature - British | 0 | 1 | 1 | 0 | 5 | 138 | 138.00 | 0 | 0 | 0.00 | 0.00 |